00545nam a2200169Ia 4500008004100000020001800041041000800059082001600067100001600083245003600099250000600135260003900141300001300180650003500193999001900228952012800247210716s2018 xx 000 0 und d a9789332587670 aeng a003.54 RAJS aRaj, Sahil. aManagement information systems. a2 aNew DelhibPearson Educationc2018 axvii,429 aManagement Information Systems c196426d196426 001040708MCAaAIMITbAIMITeBook Paradiseg499.00l0o003.54 RAJSpMCA15941r2025-07-21 00:00:00v349.30w2021-07-16yBK